Guardador de árvores (Registo nº 1081)
[ vista simples ]
| 000 -Etiqueta do registo | |
|---|---|
| Cabeçalho | 00724nam0a2200277 i 4500 |
| 005 - Identificador da versão | |
| Campo de controlo | 20240813121825.0 |
| 010 ## - Número internacional normalizado dos livros (ISBN) | |
| Número (ISBN) | 9789896141202 |
| 021 ## - Número do Depósito Legal | |
| Código do país | PT |
| Número | 297993/09 |
| 035 ## - Other System Control Numbers | |
| System Control Number | 0001130 |
| 100 ## - Dados gerais de processamento | |
| Dados gerais de processamento | 20100312d2009 d y0pory5003 ba |
| 102 ## - Pais de publicação ou produção | |
| País de publicação | Portugal |
| 101 0# - Língua de publicação | |
| Língua do texto, banda sonora, etc. | Português |
| Língua do documento no original | Português |
| 106 ## - Campo de dados codificados: material textual | |
| Dados codificados do material textual | r |
| 105 ## - Campo de dados codificados: livros | |
| Dados codificados dos livros | a z 001yy |
| 215 ## - Descrição física | |
| Indicação específica da natureza do documento e extensão da espécie | 47 p. |
| Outras indicações físicas | il |
| Dimensões | cm |
| 200 1# - Titulo e menção de responsabilidade | |
| Título próprio | Guardador de árvores |
| Primeira menção de responsabilidade | João Pedro Mésseder |
| Outras menções de responsabilidade | il. Horácio Tomé Marques |
| 205 ## - Menção da edição | |
| Menção da edição | 1ª ed. |
| 210 ## - Publicação, Distribuição, etc. | |
| Lugar da edição, distribuição, etc. | Porto |
| Nome do editor, distribuidor, etc. | Trampolim Edições |
| Data da publicação, distribuição, etc. | 2009 |
| 304 ## - Notas relativas a título e menção de responsabilidade | |
| Texto da nota | Tít. orig.: |
| 675 ## - Classificação Decimal Universal (CDU) | |
| Notação | 821.134.3-1 |
| Edição | BN |
| Língua da edição | por |
| 700 #1 - Nome de autor-pessoa física (responsabilidade principal) | |
| Número de registo de entrada de autoridade | 0001452 |
| Palavra de ordem | Mésseder |
| Outra parte do nome não tomada para palavra de ordem | João Pedro |
| Datas | 1957- |
| 942 ## - Elementos de entrada adicionados (Koha) | |
| Tipo de item no Koha | Livro |
| Situação do levantamento | Origin of item (home branch) (coded) | Biblioteca de empréstimo | Código de barras | Cota | Circulation type (not for loan) | Tipo de documento | Nota do exemplar | Damaged status |
|---|---|---|---|---|---|---|---|---|
| Biblioteca Escolar Eng. Nuno Mergulhão | Biblioteca Escolar Eng. Nuno Mergulhão | BENM1969 | 8POR MES | Livro | Sem mensagem |
